| 000 | 00000nam##2200000za#4500 |
| 001 | 9.601293 |
| 003 | CaOODSP |
| 005 | 20210624210014 |
| 007 | cr ||||||||||| |
| 008 | 150406|2005||||xxc|||||o f|0| 0 fre|d |
| 022 | |a1919-5117 |
| 040 | |aCaOODSP|bfre |
| 043 | |an-cn--- |
| 086 | 1 |aFs70-6/2005-058F-PDF |
| 110 | 1 |aCanada. |bMinistère des pêches et des océans. |bRégion des Maritimes. |
| 245 | 10|aMerluche blanche des divisions 4VWX et de la zone 5 |h[ressource électronique] |
| 246 | 17|aRégion des Maritimes : merluche blanche de 4VWX5 |
| 260 | |aDartmouth - Nouvelle-Écosse : |bPêches et Océans Canada. |cJanvier 2006. |
| 300 | |a9p.|bgraphiques, ill., cartes, références, tableaux |
| 490 | 1 |aSecrétariat canadien de consultation scientifique, avis scientifique |x1919-5117|v2005/058, Région des Maritimes |
| 590 | |a11-13-Supp|b2011-08-04 |
| 775 | 08|tWhite hake in 4VWX and 5 |w(CaOODSP)9.570645 |
| 830 | #0|aAvis scientifique (Secrétariat canadien de consultation scientifique)|x1919-5117|v2005/058, Région des Maritimes|w(CaOODSP)9.502624 |
| 856 | 40|ahttp://publications.gc.ca|qPDF|s194 Ko|uhttps://publications.gc.ca/collections/collection_2011/mpo-dfo/Fs70-6-2005-058-fra.pdf|y2005/058, Région des Maritimes |